Drapeau des régions du Kirghizistan - Statistiques

Statistiques générales
  • Ce quiz a été pris 11 fois
  • Le résultat moyen est 3 sur 8
Statistiques - réponses
Par images Réponse % Correct
Bichkek
100%
Naryn
50%
Osh
50%
Chuy
33%
Jalal-Abad
33%
Talas
33%
Issy-Kul
17%
Bakten
0%
Aucun quiz correspondant
Distribution des résultats
% des personnes avec chaque résultat
Percentile par nombre de réponses
Votre historique - résultats
Vous n’avez pas pris ce quiz